UM Logo

Compendium in criminology / (Record no. 24123)

MARC details
000 -LEADER
fixed length control field 00867nam a22002417a 4500
005 - DATE AND TIME OF LATEST TRANSACTION
control field 20251106111831.0
008 - FIXED-LENGTH DATA ELEMENTS--GENERAL INFORMATION
fixed length control field 251103b |||||||| |||| 00| 0 eng d
020 ## - INTERNATIONAL STANDARD BOOK NUMBER
International Standard Book Number 9786214184149
082 ## - DEWEY DECIMAL CLASSIFICATION NUMBER
Classification number DFil 364 C817 2025
100 ## - MAIN ENTRY--PERSONAL NAME
Personal name Corpuz, Rhem Rick N.
9 (RLIN) 69099
245 ## - TITLE STATEMENT
Title Compendium in criminology /
Statement of responsibility, etc. Rhem Rick N. Corpuz [and six others].
260 ## - PUBLICATION, DISTRIBUTION, ETC. (IMPRINT)
Place of publication, distribution, etc. Quezon City :
Name of publisher, distributor, etc. Wiseman's Books Trading, Inc.,
Date of publication, distribution, etc. ©2025.
300 ## - PHYSICAL DESCRIPTION
Extent viii, 295 pages :
Other physical details illustrations ;
Dimensions 22 cm.
500 ## - GENERAL NOTE
General note Includes references.
650 #0 - SUBJECT ADDED ENTRY--TOPICAL TERM
Topical term or geographic name as entry element Criminology.
9 (RLIN) 69258
700 ## - ADDED ENTRY--PERSONAL NAME
Personal name Corpuz, Remmark N.
9 (RLIN) 69100
Relator term author.
700 ## - ADDED ENTRY--PERSONAL NAME
Personal name Abuan, Oscar G.
9 (RLIN) 69101
Relator term author.
700 ## - ADDED ENTRY--PERSONAL NAME
Personal name Cruz, Renel P.
9 (RLIN) 69102
Relator term author.
700 ## - ADDED ENTRY--PERSONAL NAME
Personal name Deles, Edelito P.
9 (RLIN) 69103
Relator term author.
700 ## - ADDED ENTRY--PERSONAL NAME
Personal name Salmorin, Valmechiele E.
9 (RLIN) 69104
Relator term author.
700 ## - ADDED ENTRY--PERSONAL NAME
Personal name Cablao, Eduardo A.
Titles and other words associated with a name Jr.
9 (RLIN) 69105
Relator term author.
942 ## - ADDED ENTRY ELEMENTS (KOHA)
Source of classification or shelving scheme Dewey Decimal Classification
Koha item type Filipiniana
Holdings
Withdrawn status Lost status Source of classification or shelving scheme Damaged status Not for loan Collection code Home library Current library Date acquired Source of acquisition Cost, normal purchase price Total Checkouts Full call number Barcode Date last seen Copy number Price effective from Koha item type
    Dewey Decimal Classification     Filipiniana UM Digos College - LIC UM Digos College - LIC 08/11/2025 Purchased 598.00   DFil 364 C817 2025 29174 11/03/2025 2 11/03/2025 Filipiniana
    Dewey Decimal Classification     Filipiniana UM Digos College - LIC UM Digos College - LIC 08/11/2025 Purchased 598.00   DFil 364 C817 2025 29173 11/03/2025 1 11/03/2025 Filipiniana